[Event "Cappelle Online Rapid op"]
[Site "Europe Echecs INT"]
[Date "2021.03.06"]
[Round "1"]
[White "Brasseur, Vincent"]
[Black "Fantinel, Thibault"]
[Result "0-1"]
[WhiteElo "1603"]
[BlackElo "2375"]
[PlyCount "108"]
[EventDate "2021.03.06"]
[EventType "swiss (rapid)"]
[EventRounds "9"]
[EventCountry "FRA"]
[SourceTitle "CBM 201 Extra"]
[Source "ChessBase"]
[SourceDate "2021.05.31"]
[SourceVersion "1"]
[SourceVersionDate "2021.05.31"]
[SourceQuality "1"]

1. e4 c5 2. Nf3 Nc6 3. d4 cxd4 4. Nxd4 g6 5. Nc3 Bg7 6. Be3 Nf6 7. Bc4 Qa5 8. 0-0 0-0 9. Bb3 d6 10. f3 Bd7 11. a3 Rac8 12. Qd2 Ne5 13. Rfe1 Nc4 14. Bxc4 Rxc4 15. Rad1 Rfc8 16. Kh1 a6 17. Nb3 Qc7 18. g4 Nxg4 19. fxg4 Bxc3 20. bxc3 Bxg4 21. Rc1 Rxc3 22. Bd4 Rxc2 23. Rxc2 Qxc2 24. Qxc2 Rxc2 25. h4 e5 26. Ba7 Rc3 27. Na5 b5 28. Bb8 Rxa3 29. Nc6 Rd3 30. Nb4 Rd4 31. Nxa6 Bf3+ 32. Kg1 Bxe4 33. Nc7 Bc6 34. Rc1 Bd7 35. Ba7 Rxh4 36. Rd1 Rc4 37. Nd5 Be6 38. Nf6+ Kg7 39. Ne8+ Kf8 40. Nxd6 Rb4 41. Nb7 Rg4+ 42. Kf2 Kg7 43. Nd6 b4 44. Rb1 b3 45. Ne8+ Kf8 46. Nd6 Ra4 47. Bc5 Kg7 48. Ke3 f5 49. Rb2 f4+ 50. Kf2 g5 51. Ne8+ Kg6 52. Nc7 Kf5 53. Nxe6 Kxe6 54. Bf8 Ra2 0-1

[Event "Cappelle Online Rapid op"]
[Site "Europe Echecs INT"]
[Date "2021.03.06"]
[Round "9"]
[White "Dauletova, Gulmira"]
[Black "Brasseur, Vincent"]
[Result "1-0"]
[WhiteElo "2285"]
[BlackElo "1603"]
[PlyCount "87"]
[EventDate "2021.03.06"]
[EventType "swiss (rapid)"]
[EventRounds "9"]
[EventCountry "FRA"]
[SourceTitle "CBM 201 Extra"]
[Source "ChessBase"]
[SourceDate "2021.05.31"]
[SourceVersion "1"]
[SourceVersionDate "2021.05.31"]
[SourceQuality "1"]

1. e4 e5 2. Nf3 Nc6 3. Bb5 a6 4. Ba4 Nf6 5. 0-0 Be7 6. Re1 b5 7. Bb3 0-0 8. a4 Bb7 9. d3 d6 10. Nc3 b4 11. Ne2 h6 12. Ng3 Bc8 13. a5 Bg4 14. c3 Rb8 15. Bc4 Qc8 16. Be3 bxc3 17. bxc3 Be6 18. Nd2 Ng4 19. Qa4 Nxe3 20. fxe3 Bd7 21. Qa2 g6 22. Rf1 Nd8 23. d4 Ne6 24. Nf3 Bf6 25. Nxe5 Bxe5 26. dxe5 dxe5 27. Rf6 Kg7 28. Raf1 Bb5 29. Bxe6 fxe6 30. Rxf8 Qxf8 31. Rxf8 Rxf8 32. Qxe6 h5 33. Qxe5+ Rf6 34. Qxc7+ Rf7 35. Qe5+ Kg8 36. Qe6 Kg7 37. c4 Bd7 38. Qxa6 Bg4 39. h3 Bd1 40. Qd6 h4 41. Nf5+ gxf5 42. Qxd1 fxe4 43. Qd4+ Kg6 44. Qxe4+ 1-0